Giáo trình pháp luật về hợp đồng và bồi thường thiệt hại ngoài hợp đồng

Nội dung sách trình bày nghĩa vụ dân sự, khái luận hợp đồng dân sự, các biện pháp đảm bảo thực hiện nghĩa vụ dân sự, trách nhiệm dân sự do vi phạm hợp đồng, các quy định chung về trách nhiệm bồi thường thiệt hại ngoài hợp đồng.......

Full beskrivning

Sparad:
Bibliografiska uppgifter
Huvudupphovsman: Đỗ Văn Đại (Chủ biên)
Övriga upphovsmän: Chế Mỹ Phương Đài (Biên soạn), Lê Minh Hùng (Biên soạn)
Materialtyp: Bok
Språk:Vietnamese
Publicerad: H. Hồng Đức - Hội luật gia Việt Nam 2021
Upplaga:Tái bản lần thứ 1, có sửa đổi và bổ sung
Ämnen:
Taggar: Lägg till en tagg
Inga taggar, Lägg till första taggen!
Thư viện lưu trữ: Thư viện Trường Đại học Nam Cần Thơ
LEADER 01931nam a22002657a 4500
001 NCT_143854
008 180928b xxu||||| |||| 00| 0 vie d
999 |c 7407  |d 7407 
020 |a 9786043187816  |c 96000 
082 0 4 |2 23rd ed.  |a 346.59702  |b Đ103 
100 1 |a Đỗ Văn Đại   |e Chủ biên 
245 1 0 |a Giáo trình pháp luật về hợp đồng và bồi thường thiệt hại ngoài hợp đồng  |c Đỗ Văn Đại (chủ biên); Chế Mỹ Phương Đài, Lê Minh Hùng (biên soạn),... 
250 |a Tái bản lần thứ 1, có sửa đổi và bổ sung 
260 |a H.  |b Hồng Đức - Hội luật gia Việt Nam  |c 2021 
300 |a 529 tr.  |c 21cm 
500 |a ĐTTS ghi: Trường Đại học Luật thành phố Hồ Chí Minh 
520 3 |a Nội dung sách trình bày nghĩa vụ dân sự, khái luận hợp đồng dân sự, các biện pháp đảm bảo thực hiện nghĩa vụ dân sự, trách nhiệm dân sự do vi phạm hợp đồng, các quy định chung về trách nhiệm bồi thường thiệt hại ngoài hợp đồng.... 
653 |a Luật học 
700 1 |a Chế Mỹ Phương Đài  |e Biên soạn 
700 1 |a Lê Minh Hùng  |e Biên soạn 
942 |2 ddc  |c BK 
952 |0 0  |1 0  |2 ddc  |4 0  |6 346_597020000000000_Đ103  |7 0  |9 26615  |a 000001  |b 000001  |d 2023-01-11  |o 346.59702 Đ103  |p MD.21030  |r 2023-01-11  |v 96000.00  |w 2023-01-11  |y BK 
952 |0 0  |1 0  |2 ddc  |4 0  |6 346_597020000000000_Đ103  |7 0  |9 26616  |a 000001  |b 000001  |d 2023-01-11  |l 1  |o 346.59702 Đ103  |p MD.21031  |r 2023-03-23  |s 2023-03-16  |v 96000.00  |w 2023-01-11  |y BK 
952 |0 0  |1 0  |2 ddc  |4 0  |6 346_597020000000000_Đ103  |7 0  |9 26617  |a 000001  |b 000001  |d 2023-01-11  |l 1  |o 346.59702 Đ103  |p MD.21032  |r 2023-04-05  |s 2023-03-23  |v 96000.00  |w 2023-01-11  |y BK 
980 |a Thư viện Trường Đại học Nam Cần Thơ